Κατάλογος Βιβλιοθηκών Mediterranean College

The Business Skills Handbook / Everything you need to Succeed in your Studies and at Work (Record no. 3280)

MARC details
000 -LEADER
fixed length control field 01226cam a22002054a 4500
005 - ΗΜΕΡΟΜΗΝΙΑ ΚΑΙ ΩΡΑ ΤΕΛΕΥΤΑΙΑΣ ΕΝΗΜΕΡΩΣΗΣ
Πεδίο ελέγχου 20250605164110.0
008 - FIXED-LENGTH DATA ELEMENTS--GENERAL INFORMATION
Πεδίο ελέγχου σταθερού μήκους 250528s ||||||||||||||||||||||||d
035 ## - SYSTEM CONTROL NUMBER
System control number 17881
020 ## - ISBN
ISBN 9781843982180
040 ## - ΠΗΓΗ ΚΑΤΑΛΟΓΟΓΡΑΦΗΣΗΣ
Φορέας πρωτότυπης καταλογογράφησης MC Athens Campus Library
Γλώσσα καταλογογράφησης Ελληνικά, Μοντέρνα (1453-)
Modifying agency MC Athens Campus Library
Κανόνες περιγραφικής καταλογογράφησης AACR2
245 1# - ΤΙΤΛΟΣ ΚΑΙ ΔΗΛΩΣΗ ΥΠΕΥΘΥΝΟΤΗΤΑΣ
Τίτλος The Business Skills Handbook / Everything you need to Succeed in your Studies and at Work
250 ## - EDITION STATEMENT
Edition statement 1st
260 ## - PUBLICATION, DISTRIBUTION, ETC.
Name of publisher, distributor, etc. Cipd (Chartered Institute of Personnel and Development),
Date of publication, distribution, etc. 2009
300 ## - PHYSICAL DESCRIPTION
Extent 510
520 ## - SUMMARY, ETC.
Summary, etc. This book is the first to cover all the business skills that students need at university and at work. Preface, Organizing Life and Work, How to Study, Learning and Skills, What are the Key Skills of University Life and the Workplace?, Working in Terms, Effective Reading Skills, Developing Good Writing Skills, Presentation Communication, Business Calculations, Critical Reading and Writing Skills, Analysis and Evaluation Skills, Examinations and Assignments, Thinking and Memory Skills, Word Processor Skills, Being Effective with Spreadsheets, Project Management Skills, Social Skills, Leadership and Coaching and Mentoring Skills, Bibliography, Index.
700 1# - ΠΡΟΣΘΕΤΗ ΑΝΑΓΡΑΦΗ--ΦΥΣΙΚΟ ΠΡΟΣΩΠΟ
Personal name Horn Roy
9 (RLIN) 4175
942 ## - ADDED ENTRY ELEMENTS (KOHA)
Koha item type Books
Holdings
Τύπος τεκμηρίου Βιβλιοθήκη Τρέχουσα τοποθεσία Barcode Αριθμός εισαγωγής Ημερομηνία απόκτησης Ταξιθετικό σύμβολο Αριθμός αντιτύπου Κατάσταση απόσυρσης Κατάσταση χαμένου Κατάσταση κατεστραμμένου Μη δανεισμός Σύνολο δανεισμών Ημερομηνία τελευταίας εμφάνισης Η τιμή ισχύει από
Books MC Athens Campus Library MC Athens Campus Library 9780000032799 7375 05/06/2025 658 HOR 1           05/06/2025 05/06/2025

MC Athens Campus Library
Πατησίων 94 & Κοδριγκτώνος 13, 104 34
Πελλήνης 8 & Πατησίων 107, 112 51
Τ: +30 210 8899600

MC Thessaloniki Campus Library
Ίωνος Δραγούμη 21, 54625 | Ίωνος Δραγούμη 15, 54625
Τ: +30 2310 287779 – Τ: +30 2314 440300